000
00334nam a2200133Ia 4500
008
240624s9999 xx 000 0 und d
041
_a
eng
082
_a
332.1 AGA
100
_a
AGARWAL O P
245
_a
BANKING AND INSURANCE
260
_c
2010
_a
New Delhi
_b
Himalaya Publishing House
300
_a
632 : p. : cm. ; 24
365
_c
RS
999
_c
19174
_d
19174